[Event "EYCC 2017"]
[Site "Mamaia"]
[Date "2017.09.12"]
[Round "7"]
[White "De Boer, Eelke"]
[Black "Mis, Mieszko"]
[Result "1-0"]
[WhiteElo "2233"]
[BlackElo "2245"]
[Annotator "TA"]
[PlyCount "81"]
[EventDate "2017.??.??"]
[EventType "swiss"]
[EventCountry "ROU"]
[SourceTitle "playchess.com"]
[Source "ChessBase"]
[SourceQuality "1"]

1. e4 g6 2. d4 Bg7 3. Nc3 d6 4. Be3 a6 5. Qd2 b5 6. f3 Nd7 7. h4 h5 8. Nh3 c6 9. Ng5 Qc7 10. a4 Rb8 11. axb5 axb5 12. Bd3 Ngf6 13. O-O O-O 14. Nd1 e5 15. c3 c5 16. b4 exd4 17. cxd4 cxd4 18. Bxd4 d5 19. Nc3 Ng4 20. e5 Ndxe5 21. Qf4 Nxf3+ 22. Rxf3 Bxd4+ 23. Qxd4 Qh2+ 24. Kf1 Qxh4 25. Qf4 Nh2+ 26. Ke2 Nxf3 27. Kxf3 Bg4+ 28. Ke3 d4+ 29. Kxd4 Rbd8+ 30. Ke3 Rfe8+ 31. Nce4 f5 32. Bxb5 Rxe4+ 33. Nxe4 Qe7 34. Ra6 Kg7 35. Bc4 Re8 36. Re6 Qa7+ 37. Nc5 Qa3+ 38. Nd3 Rd8 39. Qc7+ Kh6 40. Qxd8 f4+ 41. Kxf4 1-0

[Event "EYCC 2017"]
[Site "Mamaia"]
[Date "2017.09.12"]
[Round "7"]
[White "Sliwicka, Alicja"]
[Black "Vozinaki, Anthi - Maria"]
[Result "1-0"]
[WhiteElo "2230"]
[BlackElo "2040"]
[Annotator "TA"]
[PlyCount "79"]
[EventDate "2017.??.??"]
[EventType "swiss"]
[EventCountry "ROU"]
[SourceTitle "playchess.com"]
[Source "ChessBase"]
[SourceQuality "1"]

1. e4 c5 2. Nf3 e6 3. d4 cxd4 4. Nxd4 Nc6 5. Nc3 Qc7 6. Nb3 a6 7. Bd3 b5 8. O-O Nf6 9. f4 d6 10. Qf3 Bb7 11. Bd2 Be7 12. Rae1 b4 13. Ne2 O-O 14. Qh3 e5 15. Ng3 Rfe8 16. Kh1 a5 17. fxe5 Nxe5 18. Bg5 Nfg4 19. Bxe7 Rxe7 20. Nf5 Re6 21. Qh4 Rae8 22. Bb5 Rb8 23. Nbd4 Rf6 24. Qg5 Rxf5 25. Nxf5 f6 26. Qd2 Nf7 27. Ba4 Ba6 28. Rf4 Nge5 29. Bb3 Nc4 30. Bxc4 Bxc4 31. Rg4 g6 32. Nd4 Qc5 33. Rf4 Qg5 34. b3 Ba6 35. Qf2 Nh6 36. h3 Qh5 37. Rh4 Qg5 38. Nf3 Qb5 39. Rxh6 Kg7 40. Rh4 1-0

[Event "EYCC 2017"]
[Site "Mamaia"]
[Date "2017.09.12"]
[Round "7"]
[White "Chukavin, Kirill"]
[Black "Zarubitski, Viachaslau"]
[Result "0-1"]
[WhiteElo "2226"]
[BlackElo "2325"]
[Annotator "TA"]
[PlyCount "172"]
[EventDate "2017.??.??"]
[EventType "swiss"]
[EventCountry "ROU"]
[SourceTitle "playchess.com"]
[Source "ChessBase"]
[SourceQuality "1"]

1. e4 e5 2. Nf3 Nf6 3. Nxe5 d6 4. Nf3 Nxe4 5. Nc3 Nxc3 6. dxc3 Be7 7. Be3 Nc6 8. Qd2 Be6 9. O-O-O Qd7 10. Kb1 O-O-O 11. Ng5 Bxg5 12. Bxg5 Rde8 13. b3 Kb8 14. c4 f6 15. Be3 Bg4 16. f3 Bf5 17. Bf2 Qf7 18. g3 Re7 19. Bg2 Rhe8 20. Rhe1 Qg6 21. Kb2 Rxe1 22. Rxe1 Rxe1 23. Bxe1 Qe8 24. Qf2 Nd4 25. c3 Nc6 26. f4 Qe7 27. Bd2 Be4 28. Bxe4 Qxe4 29. Qe3 Qxe3 30. Bxe3 f5 31. Bd4 g6 32. Kc2 Nd8 33. Kd3 Ne6 34. Be3 Kc8 35. a4 c5 36. a5 b6 37. axb6 axb6 38. Ke2 Nd8 39. b4 Nc6 40. Bd2 Kd7 41. Kd3 Ne7 42. h3 Ke6 43. Be3 Ng8 44. Bf2 Nf6 45. Be1 Ne4 46. g4 h6 47. Bh4 g5 48. fxg5 hxg5 49. Be1 Ke5 50. gxf5 Kxf5 51. Ke3 Ke5 52. h4 gxh4 53. Bxh4 Nxc3 54. Bg3+ Ke6 55. bxc5 bxc5 56. Kd3 Na4 57. Kc2 Nb6 58. Kb3 Kd7 59. Kc3 Nc8 60. Kd3 Ke6 61. Bh4 Nb6 62. Bd8 Nd7 63. Kc3 Ne5 64. Bh4 Nc6 65. Bg3 Ne7 66. Bh4 Nf5 67. Bg5 Ke5 68. Bd8 Ke4 69. Bc7 Ke3 70. Kb3 Kd4 71. Bb8 Ke5 72. Bc7 Nd4+ 73. Kc3 Nc6 74. Kd3 Ke6 75. Bb6 Kf5 76. Bc7 Ke5 77. Ke3 Ke6 78. Kd3 Kd7 79. Bb6 Kc8 80. Ke4 Kb7 81. Kd5 Kxb6 82. Kxd6 Na5 83. Kd5 Nb7 84. Ke5 Ka5 85. Ke4 Kb4 86. Kd5 Nd6 0-1

[Event "EYCC 2017"]
[Site "Mamaia"]
[Date "2017.09.12"]
[Round "7"]
[White "Antolak, Julia"]
[Black "Sieber, Fiona"]
[Result "1/2-1/2"]
[WhiteElo "2212"]
[BlackElo "2248"]
[Annotator "TA"]
[PlyCount "95"]
[EventDate "2017.??.??"]
[EventType "swiss"]
[EventCountry "ROU"]
[SourceTitle "playchess.com"]
[Source "ChessBase"]
[SourceQuality "1"]

1. e4 e5 2. Nf3 Nc6 3. Bb5 a6 4. Ba4 Nf6 5. O-O Be7 6. Re1 b5 7. Bb3 d6 8. c3 O-O 9. h3 Nb8 10. d4 Nbd7 11. Nbd2 Bb7 12. Bc2 Re8 13. Nf1 Bf8 14. Ng3 g6 15. a4 c5 16. d5 c4 17. Be3 Nc5 18. Qd2 Nfd7 19. Bh6 Bxh6 20. Qxh6 Qf6 21. Qd2 Nb6 22. a5 Nba4 23. Rab1 Bc8 24. Qd1 Bd7 25. Nh2 Qg7 26. Rf1 Rf8 27. f4 exf4 28. Rxf4 Nxb2 29. Qf3 Nbd3 30. Bxd3 cxd3 31. Rf6 Rad8 32. Rf1 Bc8 33. Qe3 Nd7 34. Rxd6 Qxc3 35. Rc6 Qb2 36. Ng4 d2 37. e5 f5 38. exf6 Nxf6 39. Nxf6+ Rxf6 40. Rcxf6 Qxf6 41. Rxf6 d1=Q+ 42. Kh2 Qxd5 43. Qe7 Qd7 44. Qe5 Re8 45. Qf4 Bb7 46. Rd6 Qf7 47. Qd2 Bc8 48. Qd4 1/2-1/2

[Event "EYCC 2017"]
[Site "Mamaia"]
[Date "2017.09.12"]
[Round "7"]
[White "Katopodis, Dimitrios"]
[Black "Gharibyan, Mamikon"]
[Result "1/2-1/2"]
[WhiteElo "2210"]
[BlackElo "2365"]
[Annotator "TA"]
[PlyCount "101"]
[EventDate "2017.??.??"]
[EventType "swiss"]
[EventCountry "ROU"]
[SourceTitle "playchess.com"]
[Source "ChessBase"]
[SourceQuality "1"]

1. d4 Nf6 2. Nf3 d5 3. c4 e6 4. g3 Bb4+ 5. Bd2 Bd6 6. Bg2 Nbd7 7. Qc2 O-O 8. O-O c6 9. b3 b5 10. cxd5 cxd5 11. Qc6 Qb6 12. Qxa8 Nb8 13. a4 b4 14. a5 Qa6 15. Bxb4 Bxb4 16. Qxb8 Bd6 17. Qa8 Bd7 18. Qxf8+ Bxf8 19. Nc3 Qb7 20. Rfb1 Qb4 21. Rc1 Qxb3 22. Ne5 g6 23. e3 Be8 24. Bf3 Kg7 25. Bd1 Qb4 26. Nd3 Qb8 27. Ba4 Bxa4 28. Nxa4 Ne4 29. Nac5 Nd2 30. Ne5 Bxc5 31. Rxc5 Qb2 32. Rac1 Nc4 33. Re1 Nxe5 34. dxe5 Qxe5 35. Rb1 Qe4 36. Rb7 d4 37. Rcc7 dxe3 38. Rxf7+ Kg8 39. Rg7+ Kf8 40. Rgf7+ Kg8 41. Rg7+ Kf8 42. Rgc7 exf2+ 43. Kxf2 Qd4+ 44. Ke2 Qe4+ 45. Kd2 Qd4+ 46. Kc2 Qe4+ 47. Kc3 Qe3+ 48. Kc4 Qe4+ 49. Kb5 Qd3+ 50. Ka4 Qd4+ 51. Kb3 1/2-1/2

[Event "EYCC 2017"]
[Site "Mamaia"]
[Date "2017.09.12"]
[Round "7"]
[White "Morgunov, Marc"]
[Black "Costin, Alexandru"]
[Result "1-0"]
[WhiteElo "2199"]
[BlackElo "1812"]
[Annotator "TA"]
[PlyCount "141"]
[EventDate "2017.??.??"]
[EventType "swiss"]
[EventCountry "ROU"]
[SourceTitle "playchess.com"]
[Source "ChessBase"]
[SourceQuality "1"]

1. e4 c6 2. d3 d5 3. Nd2 e5 4. Ngf3 Bd6 5. d4 exd4 6. exd5 cxd5 7. Nxd4 Nc6 8. N2b3 Nf6 9. Be2 h6 10. O-O O-O 11. h3 Re8 12. c3 Bd7 13. Re1 a6 14. Be3 Ne4 15. Nf3 Be6 16. Nbd4 Nxd4 17. Nxd4 Bd7 18. Nc2 Be6 19. Nd4 Bd7 20. Bf1 Qc7 21. g3 Bxg3 22. fxg3 Qxg3+ 23. Bg2 Nxc3 24. Qf3 Qxf3 25. Bxf3 Ne4 26. h4 Rac8 27. Kh2 Nf6 28. Bf4 Rxe1 29. Rxe1 Rc4 30. Rd1 Bg4 31. Bxg4 Nxg4+ 32. Kg3 Nf6 33. Be3 h5 34. Rc1 Rxc1 35. Bxc1 Ne4+ 36. Kf4 f6 37. Ne6 Nd6 38. Nc7 d4 39. Ne6 d3 40. Nc5 b6 41. Nxd3 Kf7 42. Be3 b5 43. Nc5 a5 44. Bd2 a4 45. Bc3 Nc4 46. Na6 Nd6 47. Nc7 Kg6 48. Ne6 Nc4 49. Ke4 Nb6 50. Nc7 Kf7 51. Nxb5 g5 52. hxg5 fxg5 53. Bd4 Nc4 54. Kd3 Na5 55. Nc3 Nc6 56. Nxa4 Nb4+ 57. Kc4 Nxa2 58. Be3 Kg6 59. Kb3 Nc1+ 60. Bxc1 h4 61. Nc3 g4 62. Ne2 Kf5 63. Kc4 Ke4 64. b4 g3 65. Nxg3+ hxg3 66. Bb2 Kf3 67. Bd4 g2 68. b5 Kg4 69. b6 Kh3 70. b7 g1=Q 71. Bxg1 1-0

[Event "EYCC 2017"]
[Site "Mamaia"]
[Date "2017.09.12"]
[Round "7"]
[White "Oglaza, Oskar"]
[Black "Revaliente Montoya, Ciro"]
[Result "1-0"]
[WhiteElo "2198"]
[BlackElo "2073"]
[Annotator "TA"]
[PlyCount "119"]
[EventDate "2017.??.??"]
[EventType "swiss"]
[EventCountry "ROU"]
[SourceTitle "playchess.com"]
[Source "ChessBase"]
[SourceQuality "1"]

1. e4 c5 2. Nf3 Nf6 3. e5 Nd5 4. Nc3 e6 5. Nxd5 exd5 6. d4 Nc6 7. c3 d6 8. Bb5 Be7 9. exd6 Bxd6 10. dxc5 Bxc5 11. Qe2+ Qe7 12. Qxe7+ Bxe7 13. Ne5 Bd7 14. Nxd7 Kxd7 15. Be3 Kc7 16. O-O-O Rad8 17. Rd2 Rd7 18. Rhd1 Rhd8 19. Be2 Ne5 20. b3 g5 21. f4 gxf4 22. Bxf4 Bd6 23. Rf1 f6 24. Bg3 Rf8 25. Kc2 Ng6 26. Bg4 Rdd8 27. Rxd5 Bxg3 28. Rxd8 Rxd8 29. hxg3 Ne5 30. Bf5 h5 31. Bh3 Rg8 32. Rxf6 Rxg3 33. Rf5 Ng4 34. Rxh5 Ne3+ 35. Kd2 Nxg2 36. Rh7+ Kb8 37. Bf5 Rf3 38. Rxb7+ Kxb7 39. Be4+ Kb6 40. Bxf3 Nf4 41. Ke3 Ne6 42. Kd3 Kc5 43. a3 a5 44. c4 Nc7 45. Kc3 Na6 46. Bb7 Nc7 47. b4+ axb4+ 48. axb4+ Kb6 49. Be4 Na6 50. Kb3 Nc7 51. c5+ Kb5 52. Bd3+ Kc6 53. Kc4 Ne6 54. Bf5 Nd8 55. b5+ Kb7 56. Be4+ Ka7 57. Kd5 Kb8 58. Kd6 Nf7+ 59. Ke6 Nd8+ 60. Ke7 1-0

[Event "EYCC 2017"]
[Site "Mamaia"]
[Date "2017.09.12"]
[Round "7"]
[White "Antonica, Dragos-Andrei"]
[Black "Tsaruk, Maksim"]
[Result "1/2-1/2"]
[WhiteElo "2188"]
[BlackElo "2060"]
[Annotator "TA"]
[PlyCount "95"]
[EventDate "2017.??.??"]
[EventType "swiss"]
[EventCountry "ROU"]
[SourceTitle "playchess.com"]
[Source "ChessBase"]
[SourceQuality "1"]

1. d4 f5 2. Nf3 Nf6 3. c4 b6 4. Nc3 Bb7 5. g3 e6 6. Bg2 Be7 7. O-O O-O 8. d5 Qc8 9. Nd4 c5 10. Nc2 Na6 11. b3 d6 12. Bb2 Nc7 13. Ne3 exd5 14. Ncxd5 Ncxd5 15. Nxd5 Nxd5 16. Bxd5+ Kh8 17. e3 Rb8 18. Qf3 b5 19. cxb5 Bxd5 20. Qxd5 Rxb5 21. Rfd1 Bf6 22. Bxf6 Rxf6 23. Rac1 g6 24. Qc4 Qb8 25. Rd5 Kg7 26. Rcd1 Rb6 27. e4 fxe4 28. Qxe4 Qf8 29. f4 Qf7 30. Re1 Rb4 31. Qe7 Rb7 32. Qe4 Kf8 33. Red1 Qe7 34. Qd3 Rb6 35. f5 Qf7 36. Rf1 Kg7 37. Kg2 Qb7 38. Kg1 Qf7 39. h4 h6 40. Kh2 gxf5 41. Rfxf5 Rxf5 42. Rxf5 Qe6 43. Qc3+ Kg6 44. Rf8 Qe2+ 45. Kh3 Qe6+ 46. g4 h5 47. Rf4 Rb4 48. Rxb4 1/2-1/2

[Event "EYCC 2017"]
[Site "Mamaia"]
[Date "2017.09.12"]
[Round "7"]
[White "Gueci, Tea"]
[Black "Szucs, Edina"]
[Result "1-0"]
[WhiteElo "2181"]
[BlackElo "2023"]
[Annotator "TA"]
[PlyCount "65"]
[EventDate "2017.??.??"]
[EventType "swiss"]
[EventCountry "ROU"]
[SourceTitle "playchess.com"]
[Source "ChessBase"]
[SourceQuality "1"]

1. e4 e5 2. Nf3 Nc6 3. Bb5 a6 4. Ba4 Nf6 5. O-O b5 6. Bb3 Be7 7. d3 d6 8. a4 Rb8 9. axb5 axb5 10. h3 O-O 11. Nc3 h6 12. Be3 Be6 13. Nd5 Bxd5 14. exd5 Nb4 15. c4 Nxd3 16. cxb5 Qd7 17. b6 cxb6 18. Qxd3 e4 19. Qe2 exf3 20. Qxf3 Qb5 21. Bf4 Ra8 22. Rac1 Rfc8 23. Rfe1 Bf8 24. Rc6 Rxc6 25. dxc6 Rc8 26. Rc1 d5 27. c7 Qb4 28. Be5 Nd7 29. Qf5 Qb5 30. Rc3 g6 31. Rg3 Bg7 32. Rxg6 fxg6 33. Qxg6 1-0

[Event "EYCC 2017"]
[Site "Mamaia"]
[Date "2017.09.12"]
[Round "7"]
[White "Ognean, Mihnea-Ionut"]
[Black "Shubin, Kirill"]
[Result "0-1"]
[WhiteElo "2166"]
[BlackElo "2375"]
[Annotator "TA"]
[PlyCount "88"]
[EventDate "2017.??.??"]
[EventType "swiss"]
[EventCountry "ROU"]
[SourceTitle "playchess.com"]
[Source "ChessBase"]
[SourceQuality "1"]

1. e4 e6 2. d4 d5 3. Nd2 Be7 4. Ngf3 Nf6 5. e5 Nfd7 6. Bd3 c5 7. c3 Nc6 8. O-O h5 9. Bc2 b6 10. dxc5 bxc5 11. Re1 h4 12. c4 Nb6 13. h3 Bd7 14. a3 Qc7 15. cxd5 exd5 16. Nf1 Be6 17. Ne3 Qd7 18. b4 cxb4 19. Nd4 Bc5 20. Ndf5 Kf8 21. axb4 Bxb4 22. Bb2 Bxe1 23. Qxe1 Rh5 24. Nd4 Nxd4 25. Bxd4 Rc8 26. Bd3 g6 27. f4 Nc4 28. Rxa7 Qd8 29. Ng4 Rc7 30. Ra6 Qc8 31. Qb4+ Kg7 32. Nf6 Rh8 33. Ra1 Qb7 34. Qe1 Qb3 35. Qe2 Qb4 36. f5 gxf5 37. Qf3 Qd2 38. Rd1 Qg5 39. Nxd5 Nd2 40. Rxd2 Rc1+ 41. Rd1 Bxd5 42. e6+ f6 43. Qxd5 Rxd1+ 44. Bf1 Qc1 0-1

[Event "EYCC 2017"]
[Site "Mamaia"]
[Date "2017.09.12"]
[Round "7"]
[White "Beydullayeva, Govhar"]
[Black "Berdnyk, Mariia"]
[Result "1-0"]
[WhiteElo "2164"]
[BlackElo "2055"]
[Annotator "TA"]
[PlyCount "117"]
[EventDate "2017.??.??"]
[EventType "swiss"]
[EventCountry "ROU"]
[SourceTitle "playchess.com"]
[Source "ChessBase"]
[SourceQuality "1"]

1. d4 Nf6 2. c4 e6 3. Nf3 d5 4. g3 dxc4 5. Qa4+ Bd7 6. Qxc4 Bc6 7. Bg2 Be7 8. Nc3 Nbd7 9. O-O O-O 10. Rd1 Rb8 11. a4 a5 12. Bf4 Nb6 13. Qd3 Nbd5 14. Nxd5 Bxd5 15. Qc3 Bd6 16. Qxa5 Ra8 17. Qc3 Bxf4 18. gxf4 Ne4 19. Qe3 Nd6 20. Ne1 h6 21. Qd3 f5 22. Bxd5 exd5 23. Nf3 Nc4 24. Qc3 Ra6 25. b3 Rg6+ 26. Kh1 Nd6 27. Ne5 Ne4 28. Qe3 Re6 29. f3 Nf6 30. Qf2 Nd7 31. Rg1 Nxe5 32. fxe5 f4 33. Rg4 c5 34. Rag1 Rf7 35. dxc5 Rxe5 36. Qd4 Qf6 37. b4 h5 38. Rg6 Qe7 39. Rd6 Rxe2 40. Qxd5 Re5 41. Rd8+ Kh7 42. Qd3+ Ref5 43. Rd5 Qe3 44. Rd1 g6 45. Rxf5 gxf5 46. Qd5 Kh8 47. c6 bxc6 48. Qxc6 Kh7 49. Qd5 Kh6 50. Rf1 Rg7 51. Qd1 Kh7 52. b5 h4 53. Qe1 h3 54. Qh4+ Kg8 55. Qxh3 Qd3 56. Rc1 Qd7 57. Qh5 Qb7 58. Re1 Rc7 59. Qg6+ 1-0

[Event "EYCC 2017"]
[Site "Mamaia"]
[Date "2017.09.12"]
[Round "7"]
[White "Suvorov, Alexander"]
[Black "Zachary, Matheo"]
[Result "1/2-1/2"]
[WhiteElo "2157"]
[BlackElo "2325"]
[Annotator "TA"]
[PlyCount "81"]
[EventDate "2017.??.??"]
[EventType "swiss"]
[EventCountry "ROU"]
[SourceTitle "playchess.com"]
[Source "ChessBase"]
[SourceQuality "1"]

1. d4 d5 2. c4 c6 3. Nf3 Nf6 4. e3 Bf5 5. Nc3 e6 6. Nh4 Be4 7. f3 Bg6 8. Qb3 Qc7 9. Bd2 Be7 10. g3 Bh5 11. O-O-O Nbd7 12. Be2 Rc8 13. g4 Bg6 14. Nxg6 hxg6 15. g5 Nh5 16. cxd5 cxd5 17. f4 a6 18. Kb1 O-O 19. Rc1 Qb8 20. Rcg1 b5 21. f5 exf5 22. Nxd5 Bd6 23. Bxh5 gxh5 24. g6 Qb7 25. gxf7+ Rxf7 26. Rc1 Re8 27. Rhg1 Re6 28. Rg5 g6 29. Rcg1 Kh7 30. Ka1 Nf8 31. h3 Qd7 32. a3 Qe8 33. Bb4 Bxb4 34. axb4 Ra7 35. Rxh5+ gxh5 36. Nf6+ Rxf6 37. Qg8+ Kh6 38. Qg5+ Kh7 39. Qg8+ Kh6 40. Qg5+ Kh7 41. Qg8+ 1/2-1/2

[Event "EYCC 2017"]
[Site "Mamaia"]
[Date "2017.09.12"]
[Round "7"]
[White "Makarian, Rudik"]
[Black "Budisavljevic, Luka"]
[Result "1-0"]
[WhiteElo "2146"]
[BlackElo "2272"]
[Annotator "TA"]
[PlyCount "79"]
[EventDate "2017.??.??"]
[EventType "swiss"]
[EventCountry "ROU"]
[SourceTitle "playchess.com"]
[Source "ChessBase"]
[SourceQuality "1"]

1. d4 Nf6 2. c4 c5 3. d5 e6 4. Nc3 exd5 5. cxd5 d6 6. Nf3 g6 7. Bf4 a6 8. a4 Bg7 9. h3 O-O 10. e3 Ne8 11. Be2 Nd7 12. O-O Qe7 13. Bg3 Ne5 14. Nd2 f5 15. Qc2 Bd7 16. Rae1 Nc7 17. a5 Rab8 18. f4 Nf7 19. e4 fxe4 20. Ndxe4 Bf5 21. Bd3 Qd7 22. Bh4 Bd4+ 23. Kh2 Kg7 24. g4 Bxe4 25. Bxe4 Rbe8 26. Qd2 Nb5 27. f5 gxf5 28. Bxf5 Qc7 29. Ne4 Be5+ 30. Kg2 Nd4 31. Nf6 Ra8 32. Nh5+ Kh8 33. Bb1 Rae8 34. Nf6 Bxf6 35. Bxf6+ Kg8 36. Qd3 Ne5 37. Qe3 Rf7 38. Qg5+ Kf8 39. Bg7+ Kg8 40. Bxe5+ 1-0

[Event "EYCC 2017"]
[Site "Mamaia"]
[Date "2017.09.12"]
[Round "7"]
[White "Kirillov, Dmitry"]
[Black "Dudek, Vojtech"]
[Result "1-0"]
[WhiteElo "2137"]
[BlackElo "1951"]
[Annotator "TA"]
[PlyCount "69"]
[EventDate "2017.??.??"]
[EventType "swiss"]
[EventCountry "ROU"]
[SourceTitle "playchess.com"]
[Source "ChessBase"]
[SourceQuality "1"]

1. e4 c5 2. Nf3 d6 3. Bb5+ Nd7 4. O-O a6 5. Be2 Ngf6 6. d3 g6 7. h3 Bg7 8. c3 O-O 9. Be3 b5 10. Ne1 Bb7 11. f4 Rc8 12. Nd2 Nb6 13. Bf3 Nfd7 14. d4 e5 15. fxe5 cxd4 16. Bxd4 dxe5 17. Be3 Qe7 18. Qe2 Nc4 19. Nxc4 Rxc4 20. Bf2 Nf6 21. Nc2 Bxe4 22. Ne3 Bxf3 23. Qxf3 Rcc8 24. Bh4 Qa7 25. Kh1 Ne8 26. Rad1 Rc7 27. Nd5 Rd7 28. Bf2 Qb7 29. Bc5 Nd6 30. Bxd6 Rfd8 31. Ne7+ Rxe7 32. Bxe7 Qxe7 33. Rxd8+ Qxd8 34. Qxf7+ Kh8 35. Qb7 1-0

[Event "EYCC 2017"]
[Site "Mamaia"]
[Date "2017.09.12"]
[Round "7"]
[White "Babazada, Khazar"]
[Black "Biletskiy, Danylo"]
[Result "1/2-1/2"]
[WhiteElo "2122"]
[BlackElo "1866"]
[Annotator "TA"]
[PlyCount "172"]
[EventDate "2017.??.??"]
[EventType "swiss"]
[EventCountry "ROU"]
[SourceTitle "playchess.com"]
[Source "ChessBase"]
[SourceQuality "1"]

1. Nf3 Nf6 2. g3 g6 3. b3 Bg7 4. Bb2 O-O 5. Bg2 c5 6. O-O Nc6 7. c4 d5 8. cxd5 Nxd5 9. Bxg7 Kxg7 10. Qc2 b6 11. Qb2+ f6 12. d4 cxd4 13. Nxd4 Nxd4 14. Qxd4 Bb7 15. Rd1 e6 16. Bxd5 Qxd5 17. Qxd5 Bxd5 18. Nc3 Rfd8 19. Nxd5 Rxd5 20. Rxd5 exd5 21. Rc1 Re8 22. Rc7+ Kf8 23. Rxh7 Rxe2 24. Rxa7 d4 25. Rd7 Rd2 26. Kf1 d3 27. Kg2 Ke8 28. Rd4 Ke7 29. a4 Rd1 30. Kf3 d2 31. Ke2 Rb1 32. Rxd2 Rxb3 33. Ra2 g5 34. Kf1 f5 35. a5 bxa5 36. Rxa5 Kf6 37. h3 f4 38. gxf4 gxf4 39. Kg2 Kg6 40. h4 Kf6 41. Rg5 Ra3 42. Rg8 Kf5 43. f3 Rb3 44. Rf8+ Ke5 45. h5 Ra3 46. Rf7 Rb3 47. Rf8 Ra3 48. Rg8 Kf6 49. h6 Ra7 50. Rh8 Ra3 51. Rf8+ Kg6 52. Rxf4 Kxh6 53. Rf6+ Kg5 54. Rb6 Kf4 55. Rb4+ Kf5 56. Kg3 Rc3 57. Rb5+ Kf6 58. Kg4 Rc6 59. f4 Kg6 60. Rg5+ Kf6 61. Rh5 Rc4 62. Rh6+ Kg7 63. Rb6 Rc5 64. Rb7+ Kf6 65. Rb4 Kg7 66. Kf3 Kf6 67. Ke4 Ra5 68. Rb6+ Ke7 69. Kf3 Kf7 70. Kg4 Kg7 71. Rb1 Kf6 72. Rh1 Kg6 73. Rh8 Kg7 74. Rh5 Rxh5 75. Kxh5 Kf6 76. Kg4 Kg6 77. f5+ Kf6 78. Kf4 Kf7 79. Kg5 Kg7 80. f6+ Kf7 81. Kf5 Kf8 82. Ke5 Kf7 83. Kf5 Kf8 84. Kg6 Kg8 85. Kh6 Kf7 86. Kg5 Kf8 1/2-1/2

[Event "EYCC 2017"]
[Site "Mamaia"]
[Date "2017.09.12"]
[Round "7"]
[White "Eizaguerri Floris, Maria"]
[Black "Guillo Longares, Cecilia"]
[Result "1/2-1/2"]
[WhiteElo "2098"]
[BlackElo "1810"]
[Annotator "NA RC"]
[PlyCount "128"]
[EventDate "2017.??.??"]
[EventType "swiss"]
[EventCountry "ROU"]
[SourceTitle "playchess.com"]
[Source "ChessBase"]
[SourceQuality "1"]

1. e4 c5 2. c3 Nf6 3. e5 Nd5 4. Bc4 Nb6 5. Bb3 d5 6. exd6 Qxd6 7. Na3 Bf5 8. Qf3 Qe5+ 9. Ne2 e6 10. d4 cxd4 11. Bf4 Qe4 12. Qxe4 Bxe4 13. Nb5 Na6 14. f3 Bd5 15. Nexd4 Bc5 16. O-O-O O-O 17. Rhe1 Bxb3 18. Nxb3 Nd5 19. Nxc5 Nxf4 20. Nxb7 Nxg2 21. Re4 Rab8 22. N5d6 f5 23. Rxe6 Nh4 24. f4 Ng6 25. Rd4 Nc7 26. Re1 Nh4 27. Re7 Ne8 28. Nc5 Ng6 29. Rxa7 Nxd6 30. Rxd6 Nxf4 31. Rdd7 Nh5 32. Ne6 Rfe8 33. Nxg7 Re1+ 34. Kd2 Rh1 35. Nxh5 Rxh2+ 36. Kd3 Rxh5 37. a4 Rh3+ 38. Kd4 f4 39. Rg7+ Kh8 40. Rgf7 f3 41. b4 Rd8+ 42. Ke3 Rc8 43. Rac7 Re8+ 44. Kf4 Rg8 45. Ke4 Re8+ 46. Kd5 Rd8+ 47. Rcd7 Rc8 48. c4 f2 49. Rxf2 Rd3+ 50. Ke6 Re3+ 51. Kd6 Rd3+ 52. Ke7 Re3+ 53. Kf7 Re4 54. Rc2 Rg8 55. Rdd2 Ree8 56. Kf6 Rgf8+ 57. Kg5 Re4 58. b5 h6+ 59. Kxh6 Rg8 60. Rd5 Rh4+ 61. Rh5 Rhg4 62. Rd5 Rh4+ 63. Rh5 Rhg4 64. Rd5 Rh4+ 1/2-1/2

[Event "EYCC 2017"]
[Site "Mamaia"]
[Date "2017.09.12"]
[Round "7"]
[White "Musyuk, Lior"]
[Black "Can, Isik"]
[Result "1-0"]
[WhiteElo "2087"]
[BlackElo "2239"]
[Annotator "TA"]
[PlyCount "93"]
[EventDate "2017.??.??"]
[EventType "swiss"]
[EventCountry "ROU"]
[SourceTitle "playchess.com"]
[Source "ChessBase"]
[SourceQuality "1"]

1. e4 e5 2. Nf3 Nc6 3. d4 exd4 4. Bc4 Bc5 5. c3 Nf6 6. e5 d5 7. Be2 Ne4 8. cxd4 Bb6 9. O-O O-O 10. Nc3 Bg4 11. Be3 f6 12. exf6 Nxf6 13. h3 Bh5 14. Rc1 Qd6 15. a3 Rae8 16. b4 Kh8 17. Nd2 Bxe2 18. Nxe2 a5 19. b5 Ne7 20. Bf4 Qd7 21. a4 Ng6 22. Bh2 Ne4 23. Nb3 Qe7 24. f3 Ng5 25. Nc3 c6 26. bxc6 bxc6 27. Bg3 Qf6 28. Kh1 Nf4 29. Qd2 Bc7 30. Rce1 Nge6 31. Ne2 Nxe2 32. Bxc7 N2xd4 33. Nxd4 Nxd4 34. Qxa5 Ra8 35. Qc3 Rxa4 36. Be5 Qh4 37. Bxd4 Rxd4 38. Qxc6 Rd2 39. Re8 Qf4 40. Rxf8+ Qxf8 41. Re1 h6 42. Re8 Qxe8 43. Qxe8+ Kh7 44. Qe1 Rd4 45. Kg1 Ra4 46. Qe5 Ra5 47. Qc3 1-0

[Event "EYCC 2017"]
[Site "Mamaia"]
[Date "2017.09.12"]
[Round "7"]
[White "Shpanko, Nadiia"]
[Black "Goltseva, Ekaterina"]
[Result "0-1"]
[WhiteElo "2065"]
[BlackElo "2214"]
[Annotator "TA"]
[PlyCount "66"]
[EventDate "2017.??.??"]
[EventType "swiss"]
[EventCountry "ROU"]
[SourceTitle "playchess.com"]
[Source "ChessBase"]
[SourceQuality "1"]

1. e4 e5 2. Nf3 Nc6 3. d4 exd4 4. Nxd4 Bb4+ 5. c3 Bc5 6. Nxc6 bxc6 7. Bd3 Qh4 8. Qe2 Nf6 9. h3 d6 10. g3 Qh5 11. Qxh5 Nxh5 12. b4 Bb6 13. Nd2 O-O 14. Nc4 Re8 15. a4 d5 16. a5 dxc4 17. Bc2 Bf5 18. axb6 Bxe4 19. Bxe4 Rxe4+ 20. Kf1 cxb6 21. Kg2 Nf6 22. Be3 Nd5 23. Kf3 Re7 24. Bd4 Rd8 25. Rhe1 Rxe1 26. Rxe1 Kf8 27. Ra1 Rd7 28. Ke4 f6 29. Ra6 Kf7 30. f4 Re7+ 31. Kf3 Rb7 32. Ra1 Nc7 33. Rd1 Nb5 0-1

[Event "EYCC 2017"]
[Site "Mamaia"]
[Date "2017.09.12"]
[Round "7"]
[White "Chyzy, Jakub"]
[Black "Tsvetkov, Andrey"]
[Result "1/2-1/2"]
[WhiteElo "2060"]
[BlackElo "2219"]
[Annotator "TA"]
[PlyCount "95"]
[EventDate "2017.??.??"]
[EventType "swiss"]
[EventCountry "ROU"]
[SourceTitle "playchess.com"]
[Source "ChessBase"]
[SourceQuality "1"]

1. e4 c5 2. Nf3 d6 3. d4 cxd4 4. Qxd4 Nf6 5. Nc3 Nc6 6. Bb5 Bd7 7. Bxc6 Bxc6 8. Bg5 e6 9. O-O-O Be7 10. Rhe1 O-O 11. Kb1 Qc7 12. Qd2 Rfd8 13. Nd4 Rab8 14. f3 b5 15. g4 h6 16. Be3 Nd7 17. g5 b4 18. Nce2 Ne5 19. Nxc6 Qxc6 20. Nd4 Qc8 21. b3 d5 22. f4 Ng4 23. e5 Nxe3 24. Rxe3 hxg5 25. Rg3 g6 26. Rdg1 Kg7 27. Nf3 d4 28. Qd3 Qc3 29. Nxg5 Bxg5 30. fxg5 Qxd3 31. Rxd3 Rd5 32. Re1 Rbb5 33. h4 a5 34. Kb2 Kf8 35. Re4 Ke7 36. Rdxd4 Rxd4 37. Rxd4 Rxe5 38. a3 Rb5 39. axb4 axb4 40. c3 bxc3+ 41. Kxc3 Rb8 42. b4 Ke8 43. Rc4 Kd7 44. Rf4 Ke7 45. Kc4 e5 46. Rf6 Rc8+ 47. Kd5 Rb8 48. Ke4 1/2-1/2

[Event "EYCC 2017"]
[Site "Mamaia"]
[Date "2017.09.12"]
[Round "7"]
[White "Sucikova, Svetlana"]
[Black "Balajayeva, Khanim"]
[Result "1/2-1/2"]
[WhiteElo "2055"]
[BlackElo "2342"]
[Annotator "TA"]
[PlyCount "71"]
[EventDate "2017.??.??"]
[EventType "swiss"]
[EventCountry "ROU"]
[SourceTitle "playchess.com"]
[Source "ChessBase"]
[SourceQuality "1"]

1. Nf3 d5 2. c4 e6 3. g3 Nf6 4. Bg2 Be7 5. O-O O-O 6. d4 dxc4 7. Qc2 a6 8. Qxc4 b5 9. Qc2 Bb7 10. Bf4 Nc6 11. Nbd2 Nd5 12. Nb3 Nxf4 13. gxf4 Nb4 14. Qd2 Bd5 15. Qd1 Rc8 16. a3 Nc6 17. e3 h6 18. Rc1 g5 19. fxg5 hxg5 20. Nfd2 Bxg2 21. Kxg2 Nb8 22. Qf3 Kg7 23. Ne4 Qd5 24. Nec5 Qxf3+ 25. Kxf3 Rh8 26. Kg2 g4 27. Ne4 Bd6 28. Rh1 f5 29. Ng3 c6 30. Nc5 Bxc5 31. Rxc5 Nd7 32. Rc2 Kf6 33. Rhc1 Nb8 34. Rc5 Rcd8 35. Ne2 Rh7 36. Nf4 1/2-1/2